000 00622nam a2200181Ia 4500
008 100917s9999 xx 000 0 und d
082 _b26573
100 _aहसमनीस द. का.
245 _aछंद प्रीतिचा (आवृत्ती 1 ली)
260 _bवसंत लिमये
_c1975
300 _a118
365 _b10
520 _aकादंबरी
630 _aछंद प्रीतिचा (आवृत्ती 1 ली)
650 _aकादंबरी
730 _aछंद प्रीतिचा (आवृत्ती 1 ली)
942 _cBOOK
999 _c631967
_d631964